Statistics for Countries That End In U

Click here to take the quiz!

General Stats

  • This quiz has been taken 54 times
  • The average score is 5 of 6

Answer Stats

Answer% Correct
Tuvalu
91%
Vanuatu
91%
Nauru
87%
Peru
77%
Palau
72%
Guinea-Bissau
43%

Score Distribution

Percentile by Number Answered

Percent of People with Each Score

Your Score History

You have not taken this quiz